000 00987nam a22002897a 4500
001 7648
003 FISKH
005 20250729150421.0
008 250729b cb ||||| |||| 00| 0 eng d
020 _a0590810146
040 _aFISKH
_beng
_cFISKH
_dFISKH
050 _aPZ7.G2933 A
082 _a567
100 _aGeorge, Jean Craighead
245 _aArctic son /
_cBy Jean Craighead George : Painting By Wendell Minor
250 _aFirst Scholastic printing, October 1998
260 _aNew York :
_bScholastic ,
_c1997.
300 _a32 unnumbered pages :
_bcolor illustrations ;
_c25 cm .
505 _aO
520 _aA baby boy is given an Inupiat name to go with his English one and grows up learning the traditional ways of the Eskimo people living in the Arctic.
521 8 _a600
_bLexile estimate
521 8 _aO
_bRaz-Plus
650 _aArctic animals
_vFiction
700 _aMinor, Wendell
_eIllustrator
942 _2ddc
_cBK
_n0
999 _c7648
_d7648